| 000 | 01151pam a2200385 a 4500 | ||
|---|---|---|---|
| 001 | 4083 | ||
| 003 | FISKH | ||
| 005 | 20240606075259.0 | ||
| 008 | 811222s1982 nyua j 000 1 eng | ||
| 010 | _a 81020306 | ||
| 020 | _a0688012043 : | ||
| 020 | _a9780688104771 | ||
| 020 | _a068801206X (lib. bdg.) : | ||
| 040 |
_aDLC _cDLC _dDLC _beng |
||
| 042 | _alcac | ||
| 050 | 0 | 0 |
_aPZ8.3.G424 _bAc 1982 |
| 082 | 0 | 0 |
_a813.54 _219 |
| 100 | 1 | _aGinsburg, Mirra. | |
| 245 | 1 | 0 |
_aAcross the stream / _cby Mirra Ginsburg ; pictures by Nancy Tafuri. |
| 260 |
_aNew York : _bHarper Collins, _c1982. |
||
| 300 |
_a24 pages : _bcolor illustrations ; _c26 cm |
||
| 505 | _aJ | ||
| 520 | _aA hen and three chicks are saved from a bad dream by a duck and three ducklings. | ||
| 521 | 8 |
_a460
_bLexile AD |
|
| 521 | 8 |
_aJ
_bRaz-Plus |
|
| 650 | 1 |
_aChickens _xFiction. |
|
| 650 | 1 |
_aDucks _xFiction. |
|
| 650 | 1 |
_aDreams _xFiction. |
|
| 650 | 1 | _aStories in rhyme. | |
| 700 | 1 |
_aKharms, Daniil, _d1905-1942. |
|
| 700 | 1 |
_aTafuri, Nancy, _eill. |
|
| 906 |
_a7 _bcbc _corignew _d1 _eocip _f19 _gy-gencatlg |
||
| 942 |
_2ddc _cBK _n0 |
||
| 999 |
_c4083 _d4083 |
||